Animal Diversity, Natural History and Conservation / (Record no. 16315)

MARC details
000 -LEADER
fixed length control field 00722nam a22002417a 4500
003 - CONTROL NUMBER IDENTIFIER
control field BD-DhSAU
005 - DATE AND TIME OF LATEST TRANSACTION
control field 20231004131936.0
008 - FIXED-LENGTH DATA ELEMENTS--GENERAL INFORMATION
fixed length control field 170626s2013 ii a b 000 0 eng
020 ## - INTERNATIONAL STANDARD BOOK NUMBER
International Standard Book Number 9788170357513 (Seriese)
020 ## - INTERNATIONAL STANDARD BOOK NUMBER
Canceled/invalid ISBN 9788170358305 (Vol.-3)
040 ## - CATALOGING SOURCE
Original cataloging agency BD-DhSAU
082 00 - DEWEY DECIMAL CLASSIFICATION NUMBER
Classification number 333.954160954
Edition number 22
Item number An541
245 10 - TITLE STATEMENT
Title Animal Diversity, Natural History and Conservation /
Statement of responsibility, etc. Edited by V.K. Gupta and Anil K. Verma
250 ## - EDITION STATEMENT
Edition statement Vol- 3
264 #1 - PRODUCTION, PUBLICATION, DISTRIBUTION, MANUFACTURE, AND COPYRIGHT NOTICE
Place of production, publication, distribution, manufacture New Delhi :
Name of producer, publisher, distributor, manufacturer Daya Publishing House,
Date of production, publication, distribution, manufacture, or copyright notice 2013.
300 ## - PHYSICAL DESCRIPTION
Extent xvii, 458p.
Other physical details ill.;
Dimensions 22cm.
504 ## - BIBLIOGRAPHY, ETC. NOTE
Bibliography, etc Include index
590 ## - Name of Cataloguer
Name of Cataloger kobir
650 #0 - SUBJECT ADDED ENTRY--TOPICAL TERM
Topical term or geographic name as entry element Animal Diversity
700 1# - ADDED ENTRY--PERSONAL NAME
Personal name Gupta, V.K.
Relator term Editor
700 1# - ADDED ENTRY--PERSONAL NAME
Personal name Verma, Anil K.
Relator term Editor
942 ## - ADDED ENTRY ELEMENTS (KOHA)
Source of classification or shelving scheme Dewey Decimal Classification
Koha item type Book
Holdings
Withdrawn status Lost status Source of classification or shelving scheme Damaged status Not for loan Collection code Home library Branch Name Shelving location Date acquired Cost, normal purchase price Total Checkouts Full call number Barcode Date last seen Price effective from Koha item type Public note
    Dewey Decimal Classification   Not For Loan Reference SAU Library SAU Library General Stacks 21/06/2023 4900.00   333.954160954 An541 44836 04/10/2023 04/10/2023 Book Purchase